Normal view MARC view
  • Currie, Alan

Entry Personal Name

Number of records used in: 1

001 - CONTROL NUMBER

  • control field: 1372

003 - CONTROL NUMBER IDENTIFIER

  • control field: DLC

005 - DATE AND TIME OF LATEST TRANSACTION

  • control field: 20231211143240.0

008 - FIXED-LENGTH DATA ELEMENTS

  • fixed length control field: 160701n| azannaabn |n aaa

010 ## - LIBRARY OF CONGRESS CONTROL NUMBER

  • LC control number: n 2016185383

035 ## - SYSTEM CONTROL NUMBER

  • System control number: (DNLM)1697262

040 ## - CATALOGING SOURCE

  • Original cataloging agency: DNLM
  • Language of cataloging: eng
  • Description conventions: rda
  • Transcribing agency: DNLM

100 1# - HEADING--PERSONAL NAME

  • Personal name: Currie, Alan

670 ## - SOURCE DATA FOUND

  • Source citation: Sports psychiatry, 2016:
  • Information found: title page (Dr. Alan Currie, consultant psychiatrist, Northumberland Tyne and Wear NHS Foundation Trust, St. Nicholas Hospital, Gosforth, Newcastle upon Tyne, UK; honorary clinical lecturer, Newcastle University, Newcastle upon Tyne, UK)